[Event "24. Copenhagen Open  (Politiken Cup)"]
[Site "Copenhagen"]
[Date "2002.07.20"]
[Round "6"]
[White "Busk, Casper"]
[Black "Andreasen, Bjarke"]
[Result "1-0"]
[WhiteElo "1859"]
[BlackElo "1616"]
[PlyCount "111"]
[EventDate "2002.07.15"]
[EventType "swiss"]
[EventRounds "11"]
[EventCountry "DEN"]
[SourceDate "2004.01.01"]

1. e4 c5 2. Nf3 e6 3. d4 cxd4 4. Nxd4 Nf6 5. Nc3 d6 6. Be3 Be7 7. Bc4 a6 8. a3
b5 9. Ba2 Bb7 10. Qf3 Nc6 11. O-O Ne5 12. Qg3 O-O 13. Bxe6 Nxe4 14. Nxe4 Bxe4
15. Bf5 Bh4 16. Qf4 Bxf5 17. Nxf5 Bf6 18. Rad1 Ng6 19. Qb4 Qc8 20. Nxd6 Qxc2
21. Rd2 Qc6 22. Rfd1 Rfd8 23. Nf5 Rxd2 24. Qxd2 Ne5 25. Bg5 Nc4 26. Bxf6 Qxf6
27. Qd5 Rb8 28. b3 Nxa3 29. Qd6 Qxd6 30. Rxd6 a5 31. Ra6 g6 32. Ne7+ Kf8 33.
Nc6 Re8 34. g3 Re6 35. Ra8+ Kg7 36. Nxa5 Re1+ 37. Kg2 Rb1 38. Rb8 h5 39. Rb6
Rb2 40. h4 Rb1 41. Kf3 Re1 42. Kf4 Re2 43. f3 Nc2 44. Rd6 b4 45. Nc6 Re3 46.
Nxb4 Rc3 47. Nxc2 Rxc2 48. Ke4 Rg2 49. b4 Rxg3 50. b5 Rg2 51. b6 Rb2 52. Kd5
Rb3 53. Kc5 g5 54. hxg5 h4 55. Rh6 h3 56. Rxh3 1-0

[Event "24. Copenhagen Open  (Politiken Cup)"]
[Site "Copenhagen"]
[Date "2002.07.20"]
[Round "6"]
[White "Carstensen, Jacob"]
[Black "Pert, Nicholas"]
[Result "0-1"]
[WhiteElo "2246"]
[BlackElo "2460"]
[PlyCount "70"]
[EventDate "2002.07.15"]
[EventType "swiss"]
[EventRounds "11"]
[EventCountry "DEN"]
[SourceDate "2004.01.01"]

1. e4 e6 2. d4 d5 3. Nd2 Nf6 4. e5 Nfd7 5. Bd3 c5 6. c3 Nc6 7. Ne2 cxd4 8. cxd4
f6 9. exf6 Nxf6 10. O-O Bd6 11. Nf3 Qc7 12. Nc3 a6 13. Re1 O-O 14. h3 Bd7 15.
Bg5 Rae8 16. Bb1 Re7 17. Qd3 Be8 18. a3 Bg6 19. Qd2 Bh5 20. Nh4 Qb6 21. Be3 Bb8
22. b4 Qc7 23. g3 Ree8 24. Bf4 Qb6 25. Bxb8 Rxb8 26. Rxe6 Qxd4 27. Ra2 Rbe8 28.
Rxe8 Rxe8 29. Qxd4 Nxd4 30. Bd3 Re1+ 31. Bf1 Rc1 32. Na4 Be2 33. Rxe2 Nxe2+ 34.
Kg2 Nd4 35. Nc5 g5 0-1

[Event "24. Copenhagen Open  (Politiken Cup)"]
[Site "Copenhagen"]
[Date "2002.07.20"]
[Round "6"]
[White "Casagrande, Fabio"]
[Black "Laursen, Niels Norskov"]
[Result "1/2-1/2"]
[WhiteElo "2035"]
[BlackElo "2135"]
[PlyCount "88"]
[EventDate "2002.07.15"]
[EventType "swiss"]
[EventRounds "11"]
[EventCountry "DEN"]
[SourceDate "2004.01.01"]

1. e4 e5 2. Nf3 Nc6 3. d4 exd4 4. Nxd4 Bc5 5. Nxc6 Qf6 6. Qd2 bxc6 7. Bd3 d6 8.
O-O Ne7 9. Nc3 Ng6 10. Na4 Bb6 11. Nxb6 axb6 12. f4 O-O 13. Qf2 c5 14. Qg3 h6
15. Bd2 Qxb2 16. f5 c4 17. Bxc4 Qd4+ 18. Be3 Qxc4 19. fxg6 Rxa2 20. Rxa2 Qxa2
21. Qh4 Ba6 22. gxf7+ Rxf7 23. Rxf7 Qxf7 24. h3 Bb7 25. Bd2 Qc4 26. Qg3 Qxe4
27. Bc3 Qe7 28. Kh2 Be4 29. Qf2 Qf7 30. Qe2 Qg6 31. Be1 Kh7 32. c3 d5 33. Bg3
c5 34. Qe3 Qc6 35. Be5 Qe6 36. Qg3 Bg6 37. Qf4 b5 38. Bd6 Qc8 39. Qe5 Be4 40.
Qe7 c4 41. Be5 Qg8 42. Bd4 Bg6 43. Qd7 Be8 44. Qf5+ Bg6 1/2-1/2

[Event "24. Copenhagen Open  (Politiken Cup)"]
[Site "Copenhagen"]
[Date "2002.07.20"]
[Round "6"]
[White "Cazzaniga, Walter"]
[Black "Moller, Frederik Oest"]
[Result "1-0"]
[WhiteElo "2121"]
[BlackElo "1479"]
[PlyCount "89"]
[EventDate "2002.07.15"]
[EventType "swiss"]
[EventRounds "11"]
[EventCountry "DEN"]
[SourceDate "2004.01.01"]

1. d4 d5 2. c4 e6 3. Nc3 Nf6 4. Bg5 Be7 5. Nf3 O-O 6. e3 b6 7. Bd3 dxc4 8. Bxc4
Bb7 9. O-O Nbd7 10. Qe2 Rc8 11. Rad1 Qe8 12. e4 c5 13. e5 Nd5 14. Ne4 Bxg5 15.
Nfxg5 Qe7 {[#]} 16. Nxh7 Kxh7 17. Qh5+ Kg8 18. Bxd5 Rfd8 19. Bxb7 Rc7 20. dxc5
bxc5 21. Rd3 Qe8 22. Rfd1 Rxb7 23. Ng5 Rxb2 24. Qh7+ Kf8 25. Qh8+ Ke7 26. Qxg7
Qf8 27. Qxf8+ Kxf8 28. h4 Ke7 29. Ne4 c4 30. Rd4 Rb7 31. Nd6 Rc7 32. Nxc4 Rdc8
33. f4 Rxc4 34. Rxd7+ Ke8 35. R7d4 Rc2 36. R1d2 R2c3 37. Kh2 R3c4 38. Rxc4 Rxc4
39. Kg3 Kf8 40. Kg4 Kg7 41. Kg5 Rc3 42. g4 Rc5 43. Rd7 Kg8 44. Rxa7 Rc4 45. h5
1-0

[Event "24. Copenhagen Open  (Politiken Cup)"]
[Site "Copenhagen"]
[Date "2002.07.20"]
[Round "6"]
[White "Cech, Pavel"]
[Black "Kallio, Heikki"]
[Result "0-1"]
[WhiteElo "2316"]
[BlackElo "2501"]
[PlyCount "78"]
[EventDate "2002.07.15"]
[EventType "swiss"]
[EventRounds "11"]
[EventCountry "DEN"]
[SourceDate "2004.01.01"]

1. d4 g6 2. c4 Bg7 3. Nf3 c5 4. d5 f5 5. e4 fxe4 6. Ng5 Nf6 7. Nc3 Qa5 8. Bd2
Qb6 9. Be2 d6 10. O-O Bf5 11. g4 Bd7 12. Ngxe4 h5 13. Nxf6+ Bxf6 14. g5 Bxc3
15. Bxc3 Rf8 16. Bxh5 Bf5 17. Bf3 Nd7 18. Re1 Rf7 19. Qd2 Qc7 20. Re3 O-O-O 21.
Rae1 Re8 22. Bg2 Rh7 23. f4 Qd8 24. Qe2 Nb6 25. b3 Kc7 26. a4 Nc8 27. a5 Rf8
28. b4 cxb4 29. Bxb4 Kb8 30. Bc3 Rff7 31. Bd4 Rh4 32. Qf2 Rfh7 33. Rb3 Rxh2 34.
Bxa7+ Nxa7 35. a6 Qh8 36. Rxb7+ Kc8 37. Qf3 R7h3 38. Bxh3 Rxh3 39. Rxa7 Qd4+
0-1

[Event "24. Copenhagen Open  (Politiken Cup)"]
[Site "Copenhagen"]
[Date "2002.07.20"]
[Round "6"]
[White "Christensen, Esben"]
[Black "Rasmussen, Allan Stig"]
[Result "0-1"]
[WhiteElo "2099"]
[BlackElo "2305"]
[PlyCount "58"]
[EventDate "2002.07.15"]
[EventType "swiss"]
[EventRounds "11"]
[EventCountry "DEN"]
[SourceDate "2004.01.01"]

1. e4 c6 2. Nf3 d5 3. Nc3 dxe4 4. Nxe4 Nd7 5. Bc4 Ngf6 6. Neg5 Nd5 7. Qe2 h6 8.
Ne4 N7b6 9. d4 Nxc4 10. Qxc4 Bf5 11. Ng3 Bh7 12. Bd2 e6 13. Nh5 Rc8 14. O-O Nf6
15. Nxf6+ gxf6 16. Rfe1 Qd5 17. Qxd5 cxd5 18. c3 h5 19. Bf4 Kd7 20. Rac1 Rg8
21. Nd2 b6 22. Re3 Rg4 23. Bg3 Bh6 24. f4 h4 25. Be1 Bxf4 26. Rf3 Rcg8 27. g3
Be4 28. Nxe4 dxe4 29. h3 exf3 0-1

[Event "24. Copenhagen Open  (Politiken Cup)"]
[Site "Copenhagen"]
[Date "2002.07.20"]
[Round "6"]
[White "Christensen, Stefan"]
[Black "Bjerke, Silje"]
[Result "1-0"]
[WhiteElo "2194"]
[BlackElo "2064"]
[PlyCount "103"]
[EventDate "2002.07.15"]
[EventType "swiss"]
[EventRounds "11"]
[EventCountry "DEN"]
[SourceDate "2004.01.01"]

1. e4 e6 2. d4 d5 3. Nc3 Bb4 4. e5 c5 5. a3 Bxc3+ 6. bxc3 Qc7 7. Qg4 f5 8. Qg3
cxd4 9. cxd4 Ne7 10. c3 b6 11. Ne2 O-O 12. h4 Kh8 13. Nf4 Qd7 14. h5 Kg8 15. h6
g6 16. Nh5 Qc7 17. Bg5 Rf7 18. Nf4 Nbc6 19. Bb5 Nxe5 20. dxe5 Qxe5+ 21. Ne2
Qxg3 22. fxg3 a6 23. Be8 Rf8 24. Bxe7 Rxe8 25. Bf6 e5 26. O-O-O Bb7 27. Kb2
Rac8 28. Rhe1 Kf7 29. Bg7 Rc4 30. Nc1 e4 31. Ne2 Rec8 32. Rd4 R4c7 33. Rb4 b5
34. Be5 Rd7 35. Rd4 g5 36. Rf1 Kg6 37. Bg7 Rdc7 38. Rd2 Rf7 39. Rdd1 Rfc7 40.
Rd4 a5 41. Rc1 Rc5 42. Rdd1 Re8 43. Nd4 a4 44. Rf1 Bc8 45. Nxf5 Bxf5 46. g4
Bxg4 47. Rf6+ Kh5 48. Rh1+ Bh3 49. Rxh3+ Kg4 50. Rf1 Rc6 51. Kc2 Rd8 52. Kd2
1-0

[Event "24. Copenhagen Open  (Politiken Cup)"]
[Site "Copenhagen"]
[Date "2002.07.20"]
[Round "6"]
[White "Dominguez, Lenier"]
[Black "Collins, Sam"]
[Result "1-0"]
[WhiteElo "2613"]
[BlackElo "2313"]
[PlyCount "93"]
[EventDate "2002.07.15"]
[EventType "swiss"]
[EventRounds "11"]
[EventCountry "DEN"]
[SourceDate "2004.01.01"]

1. e4 c5 2. Nf3 Nc6 3. d4 cxd4 4. Nxd4 Nf6 5. Nc3 e5 6. Ndb5 d6 7. Bg5 a6 8.
Na3 b5 9. Nd5 Be7 10. Bxf6 Bxf6 11. c3 O-O 12. Nc2 Bg5 13. a4 bxa4 14. Rxa4 a5
15. Bc4 Rb8 16. b3 Kh8 17. O-O g6 18. Qd3 f5 19. Rd1 fxe4 20. Qxe4 Bf5 21. Qe2
Ne7 22. Nce3 Nxd5 23. Nxd5 Be6 24. f3 Rc8 25. Kh1 Rc5 26. b4 axb4 27. cxb4 Rc8
28. b5 Rc5 29. Ra6 Bf4 30. g3 Bxg3 31. hxg3 Qg5 32. Kg2 Rxc4 33. Qxc4 Qf5 34.
Qe2 Qh3+ 35. Kf2 Bg4 36. Ra3 Qh2+ 37. Ke1 Qxg3+ 38. Qf2 Qh3 39. Rda1 Bxf3 40.
Ra8 Rxa8 41. Rxa8+ Kg7 42. Ra7+ Kh6 43. Ne3 d5 44. Nf1 Qf5 45. Qd2+ g5 46. Qh2+
Bh5 47. Qxh5+ 1-0

[Event "24. Copenhagen Open  (Politiken Cup)"]
[Site "Copenhagen"]
[Date "2002.07.20"]
[Round "6"]
[White "Draeger, Michael"]
[Black "Jensen, Alexander Lindberg"]
[Result "1/2-1/2"]
[WhiteElo "1549"]
[BlackElo "1342"]
[PlyCount "44"]
[EventDate "2002.07.15"]
[EventType "swiss"]
[EventRounds "11"]
[EventCountry "DEN"]
[SourceDate "2004.01.01"]

1. e4 d5 2. exd5 Qxd5 3. Nc3 Qa5 4. d4 c6 5. Be2 Bf5 6. Nf3 Nf6 7. Bd2 Nbd7 8.
b4 Qc7 9. O-O e6 10. b5 Bb4 11. bxc6 Qxc6 12. Ne5 Qc8 13. Nb5 Be7 14. c4 O-O
15. g4 Be4 16. g5 Ne8 17. Nc3 Nxe5 18. Nxe4 Ng4 19. Be3 Nd6 20. Qc2 Nf5 21. Bf3
Rb8 22. Rad1 Rd8 1/2-1/2

[Event "24. Copenhagen Open  (Politiken Cup)"]
[Site "Copenhagen"]
[Date "2002.07.20"]
[Round "6"]
[White "Edvardsson, Hannu Kalervo"]
[Black "Lauritsen, Martin Lee"]
[Result "0-1"]
[WhiteElo "1300"]
[BlackElo "1517"]
[PlyCount "66"]
[EventDate "2002.07.15"]
[EventType "swiss"]
[EventRounds "11"]
[EventCountry "DEN"]
[SourceDate "2004.01.01"]

1. d4 Nf6 2. e3 e6 3. Bd3 b6 4. Nf3 Bb7 5. Bd2 Be7 6. O-O O-O 7. c4 d5 8. b3
Nbd7 9. Nc3 dxc4 10. Bxc4 c5 11. Na4 a6 12. Nc3 b5 13. Bd3 cxd4 14. Nxd4 Bc5
15. Nce2 Nb6 16. Bc2 e5 17. Nf5 Qd5 18. f3 Rad8 19. Bc1 Qe6 20. Qe1 Nbd5 21.
Kh1 g6 22. e4 Nb4 23. Nh6+ Kg7 24. Bb1 Nc6 25. a4 b4 26. Ba2 a5 27. h3 Ba6 28.
Ng4 Nxg4 29. hxg4 Rh8 30. g3 Nd4 31. Qf2 Bxe2 32. Re1 Bxf3+ 33. Kg1 Ne2+ 0-1

[Event "24. Copenhagen Open  (Politiken Cup)"]
[Site "Copenhagen"]
[Date "2002.07.20"]
[Round "6"]
[White "Ekeberg, Carl Fredrik"]
[Black "Bogdanov, Dimitri"]
[Result "1-0"]
[WhiteElo "2213"]
[BlackElo "2096"]
[PlyCount "53"]
[EventDate "2002.07.15"]
[EventType "swiss"]
[EventRounds "11"]
[EventCountry "DEN"]
[SourceDate "2004.01.01"]

1. Nf3 g6 2. c4 Bg7 3. d4 d6 4. e4 Bg4 5. Be2 Nc6 6. Be3 Bxf3 7. Bxf3 e5 8. d5
Nd4 9. Bxd4 exd4 10. Nd2 c5 11. dxc6 bxc6 12. b4 Ne7 13. O-O O-O 14. Nb3 Rb8
15. a3 Qb6 16. c5 dxc5 17. Nxc5 Rfd8 18. Nd3 a5 19. Qc2 axb4 20. axb4 Ra8 21.
g3 Bf8 22. Rfc1 Rxa1 23. Rxa1 Nc8 24. Ra4 Na7 25. e5 Rc8 26. e6 f6 27. Qa2 1-0

[Event "24. Copenhagen Open  (Politiken Cup)"]
[Site "Copenhagen"]
[Date "2002.07.20"]
[Round "6"]
[White "Glud, Jakob Vang"]
[Black "Dalsberg, Sandra de Blecourt"]
[Result "1-0"]
[WhiteElo "2180"]
[BlackElo "2082"]
[PlyCount "83"]
[EventDate "2002.07.15"]
[EventType "swiss"]
[EventRounds "11"]
[EventCountry "DEN"]
[SourceDate "2004.01.01"]

1. e4 e6 2. d4 d5 3. Nd2 Nf6 4. e5 Nfd7 5. Bd3 c5 6. c3 Nc6 7. Ne2 cxd4 8. cxd4
Qb6 9. Nf3 f6 10. exf6 Nxf6 11. O-O Bd6 12. b3 O-O 13. Bf4 Bxf4 14. Nxf4 Nxd4
15. Nxd4 e5 16. Nxd5 Qxd4 17. Nc7 Rb8 18. Bc4+ Kh8 19. Qxd4 exd4 20. Rad1 Rd8
21. Nb5 Bg4 22. f3 a6 23. Nxd4 b5 24. Bxb5 axb5 25. fxg4 Rd5 26. Nc6 Ra8 27.
Rxd5 Nxd5 28. a4 bxa4 29. bxa4 g6 30. Ra1 Ra6 31. Nd4 Kg7 32. Kf2 Kf6 33. a5
Ke5 34. Nb3 Kd6 35. Kf3 Kc6 36. Rc1+ Kd6 37. Rc8 Ra7 38. Ke4 Ne7 39. Rd8+ Ke6
40. a6 Kf7 41. Nc5 Rc7 42. Rf8+ 1-0

[Event "24. Copenhagen Open  (Politiken Cup)"]
[Site "Copenhagen"]
[Date "2002.07.20"]
[Round "6"]
[White "Gottschalck, Christian"]
[Black "Cohen, Ronnie"]
[Result "1-0"]
[WhiteElo "1676"]
[BlackElo "1800"]
[PlyCount "43"]
[EventDate "2002.07.15"]
[EventType "swiss"]
[EventRounds "11"]
[EventCountry "DEN"]
[SourceDate "2004.01.01"]

1. e4 e5 2. Nf3 Nc6 3. Bb5 a6 4. Ba4 Nf6 5. d4 exd4 6. e5 Nd5 7. Bb3 Nb6 8. c3
Na5 9. Bc2 dxc3 10. Nxc3 Be7 11. O-O d6 12. Qe2 Bg4 13. exd6 Qxd6 14. Rd1 Bxf3
15. Qxf3 Qf6 16. Qh3 h6 17. Be3 O-O 18. Bd4 Qg5 19. Ne4 Qb5 20. Qg4 g6 21. Qf4
Kh7 22. Nf6+ 1-0

[Event "24. Copenhagen Open  (Politiken Cup)"]
[Site "Copenhagen"]
[Date "2002.07.20"]
[Round "6"]
[White "Grahn, Lars"]
[Black "Walseth, Tron"]
[Result "1-0"]
[WhiteElo "2108"]
[BlackElo "1832"]
[PlyCount "75"]
[EventDate "2002.07.15"]
[EventType "swiss"]
[EventRounds "11"]
[EventCountry "DEN"]
[SourceDate "2004.01.01"]

1. d4 Nf6 2. c4 e6 3. Nc3 Bb4 4. g3 O-O 5. Bg2 Nc6 6. Nf3 d6 7. O-O Bxc3 8.
bxc3 e5 9. Qc2 Bg4 10. Rd1 Qc8 11. Ba3 Re8 12. c5 e4 13. Ne1 Qe6 14. cxd6 cxd6
15. f3 exf3 16. exf3 Bf5 17. Qd2 Na5 18. d5 Qe5 19. Qd4 Qxd4+ 20. Rxd4 Rac8 21.
Bxd6 Rxc3 22. Bb4 Rc4 23. Rad1 b6 24. Bxa5 Rxd4 25. Rxd4 bxa5 26. Nd3 Re2 27.
g4 Bd7 28. Nc5 Rc2 29. Nxd7 Nxd7 30. d6 g6 31. Bf1 Ne5 32. Bg2 Rc8 33. g5 Rd8
34. f4 Nd7 35. Bc6 Nb6 36. Bb5 Nc8 37. d7 Nb6 38. Re4 1-0

[Event "24. Copenhagen Open  (Politiken Cup)"]
[Site "Copenhagen"]
[Date "2002.07.20"]
[Round "6"]
[White "Greger, Roland Reinhard"]
[Black "Kjartansson, Gudmundur"]
[Result "1-0"]
[WhiteElo "2365"]
[BlackElo "2105"]
[PlyCount "110"]
[EventDate "2002.07.15"]
[EventType "swiss"]
[EventRounds "11"]
[EventCountry "DEN"]
[SourceDate "2004.01.01"]

1. e4 c5 2. Nf3 d6 3. d4 cxd4 4. Nxd4 Nf6 5. Nc3 g6 6. Be3 Bg7 7. f3 O-O 8. Qd2
Nc6 9. O-O-O Nxd4 10. Bxd4 Be6 11. Kb1 Qc7 12. g4 Rfc8 13. g5 Nh5 14. Bxg7 Kxg7
15. f4 Qa5 16. Qd4+ Kg8 17. Nd5 Bxd5 18. exd5 Qc5 19. c3 Qxd4 20. Rxd4 Rc5 21.
Bh3 Ng7 22. Re1 Kf8 23. Kc2 Nf5 24. Bxf5 gxf5 25. Re3 Rac8 26. b3 b5 27. Kb2 a5
28. Red3 b4 29. cxb4 Rc2+ 30. Ka3 axb4+ 31. Rxb4 Rxh2 32. Rc4 Rxc4 33. bxc4 Rf2
34. Rd4 Ke8 35. Kb3 Kd7 36. a4 Kc7 37. a5 Kb7 38. Rd1 Ka6 39. Kb4 Rb2+ 40. Kc3
Rh2 41. Re1 Kxa5 42. Rxe7 Rh3+ 43. Kd4 Rf3 44. c5 Rxf4+ 45. Ke3 Rg4 46. Ra7+
Kb5 47. cxd6 f4+ 48. Kf3 Rxg5 49. Ke4 Kb6 50. Rxf7 Rg8 51. Ke5 f3 52. Rxf3 Re8+
53. Kf6 Kc5 54. d7 Rd8 55. Ke7 Kxd5 1-0

[Event "24. Copenhagen Open  (Politiken Cup)"]
[Site "Copenhagen"]
[Date "2002.07.20"]
[Round "6"]
[White "Gutierrez Castillo, Paloma"]
[Black "Brinck Claussen, Bjorn"]
[Result "0-1"]
[WhiteElo "2088"]
[BlackElo "2369"]
[PlyCount "64"]
[EventDate "2002.07.15"]
[EventType "swiss"]
[EventRounds "11"]
[EventCountry "DEN"]
[SourceDate "2004.01.01"]

1. e4 e6 2. d3 d5 3. Nd2 Nf6 4. Ngf3 Be7 5. g3 c5 6. Bg2 Nc6 7. O-O O-O 8. Re1
b5 9. e5 Nd7 10. Nf1 a5 11. h4 b4 12. Bf4 Ba6 13. N1h2 a4 14. Ng5 Qe8 15. c4
Nb6 16. Rc1 Nd4 17. Qh5 h6 18. Ng4 f6 19. Qxe8 Raxe8 20. exf6 Bxf6 21. Nxf6+
Rxf6 22. Nh3 dxc4 23. dxc4 Nxc4 24. Kh1 Nxb2 25. Be5 Nd3 26. Bxf6 gxf6 27. Nf4
Nxc1 28. Rxc1 b3 29. axb3 axb3 30. Nh5 Kf7 31. Be4 b2 32. Rd1 Be2 0-1

[Event "24. Copenhagen Open  (Politiken Cup)"]
[Site "Copenhagen"]
[Date "2002.07.20"]
[Round "6"]
[White "Hanley, Craig"]
[Black "Rohrmueller, Ulrich"]
[Result "1/2-1/2"]
[WhiteElo "2331"]
[BlackElo "2257"]
[PlyCount "91"]
[EventDate "2002.07.15"]
[EventType "swiss"]
[EventRounds "11"]
[EventCountry "DEN"]
[SourceDate "2004.01.01"]

1. c4 e6 2. Nc3 d5 3. d4 Be7 4. cxd5 exd5 5. Bf4 c6 6. Qc2 g6 7. e3 Bf5 8. Qd2
Nf6 9. f3 h5 10. Bd3 Bxd3 11. Qxd3 Na6 12. Nge2 h4 13. O-O Nh5 14. e4 Nxf4 15.
Nxf4 Bg5 16. Nfe2 Nb4 17. Qd1 dxe4 18. fxe4 O-O 19. a3 Na6 20. e5 Nc7 21. Qb3
Ne6 22. d5 cxd5 23. Nxd5 Qa5 24. Rad1 b6 25. Nec3 Kg7 26. Qc2 Rac8 27. Qe2 Qc5+
28. Kh1 Qc4 29. Qf2 h3 30. gxh3 Qh4 31. Qf3 Rc4 32. b3 Rd4 33. Rde1 Nf4 34. Re4
Rxe4 35. Nxe4 Nxd5 36. Nxg5 Qxg5 37. Qxd5 Qe3 38. h4 Qe2 39. Rf3 Qe1+ 40. Kg2
Qxh4 41. Qd6 Qg4+ 42. Kf2 Rc8 43. Qf6+ Kh6 44. Qf4+ Qxf4 45. Rxf4 Kg7 46. Rd4
1/2-1/2

[Event "24. Copenhagen Open  (Politiken Cup)"]
[Site "Copenhagen"]
[Date "2002.07.20"]
[Round "6"]
[White "Hansen, Erik Friberg"]
[Black "Trarup, Jorgen"]
[Result "0-1"]
[WhiteElo "1165"]
[BlackElo "1270"]
[PlyCount "58"]
[EventDate "2002.07.15"]
[EventType "swiss"]
[EventRounds "11"]
[EventCountry "DEN"]
[SourceDate "2004.01.01"]

1. c4 e6 2. Nc3 Nc6 3. Nf3 Bb4 4. d3 Bxc3+ 5. bxc3 Qf6 6. Bb2 Nge7 7. e3 Ng6 8.
g3 d6 9. Bg2 O-O 10. O-O e5 11. e4 Bg4 12. h3 Bd7 13. Rc1 Qe7 14. Re1 f5 15.
exf5 Rxf5 16. Nd4 Nxd4 17. cxd4 Raf8 18. Rc2 Ba4 19. Ree2 Bxc2 20. Qxc2 c6 21.
Be4 R5f6 22. Bg2 Qf7 23. d5 c5 24. h4 Ne7 25. Bh3 Qg6 26. Bc1 Nf5 27. Bg5 Nd4
28. Qd2 Nxe2+ 29. Qxe2 Rxf2 0-1

[Event "24. Copenhagen Open  (Politiken Cup)"]
[Site "Copenhagen"]
[Date "2002.07.20"]
[Round "6"]
[White "Hansen, Morten Lyck"]
[Black "Christensen, Christoffer"]
[Result "1-0"]
[WhiteElo "1854"]
[BlackElo "1464"]
[PlyCount "129"]
[EventDate "2002.07.15"]
[EventType "swiss"]
[EventRounds "11"]
[EventCountry "DEN"]
[SourceDate "2004.01.01"]

1. e4 d6 2. d4 g6 3. Nc3 Bg7 4. f4 Nf6 5. Nf3 c6 6. Bd3 Bg4 7. h3 Bxf3 8. Qxf3
Qc7 9. e5 Ng8 10. O-O e6 11. Be3 d5 12. Ne2 Ne7 13. c4 dxc4 14. Bxc4 Nd7 15.
Nc3 Nb6 16. Bb3 Qd7 17. Ne4 O-O-O 18. a4 Nf5 19. Rfd1 Bf8 20. a5 Nd5 21. Bf2
Bb4 22. a6 b6 23. Rac1 Nfe7 24. Rc2 Kb8 25. Be1 Bxe1 26. Rxe1 Nb4 27. Rc4 Ned5
28. Nd6 Nxa6 29. Ra1 Nab4 30. Bd1 a5 31. Qa3 Qe7 32. Bf3 Rxd6 33. exd6 Qb7 34.
Bxd5 exd5 35. Rcc1 Qd7 36. Qe3 Re8 37. Qf3 f5 38. Re1 Re4 39. Rxe4 dxe4 40. Qb3
Nd5 41. Rxa5 Qxd6 42. Ra1 Qxf4 43. Qa4 Kc7 $11 44. Qa7+ Kd6 45. Qb8+ Ke6 46.
Qg8+ Kf6 47. Qxh7 Qd6 48. Qh8+ Kf7 49. Ra7+ Ne7 50. Qe5 Qxe5 51. dxe5 Ke6 52.
Kf2 Nd5 53. Rg7 Ne7 54. g4 fxg4 55. hxg4 c5 56. Ke3 Kd7 57. Kxe4 Ke6 58. Rh7
Kd7 59. Kf4 Ke6 60. Rh8 Kd5 61. Rd8+ Ke6 62. Rd6+ Kf7 63. Ke4 b5 64. Rb6 b4 65.
Rb5 1-0

[Event "24. Copenhagen Open  (Politiken Cup)"]
[Site "Copenhagen"]
[Date "2002.07.20"]
[Round "6"]
[White "Hansen, Poul Elgaard"]
[Black "Nilsson, Nils Specht"]
[Result "1/2-1/2"]
[WhiteElo "2003"]
[BlackElo "2187"]
[PlyCount "120"]
[EventDate "2002.07.15"]
[EventType "swiss"]
[EventRounds "11"]
[EventCountry "DEN"]
[SourceDate "2004.01.01"]

1. d4 f5 2. Bg5 h6 3. Bh4 g5 4. Bg3 Nf6 5. e3 Bg7 6. c4 O-O 7. Nc3 d6 8. Nf3
Ne4 9. Nxe4 fxe4 10. Nd2 Bf5 11. Be2 Nc6 12. O-O e6 13. Qb3 b6 14. f3 Na5 15.
Qd1 c5 16. fxe4 Bg6 17. e5 Rxf1+ 18. Nxf1 cxd4 19. exd4 dxe5 20. dxe5 Qf8 21.
Bg4 Bf5 22. b3 Qc5+ 23. Kh1 Nc6 24. Qf3 Rf8 25. Re1 Nxe5 26. Bxe5 Bxe5 27. Bxf5
Rxf5 28. Qe2 Qd4 29. Ng3 Qh4 30. Rf1 Rxf1+ 31. Nxf1 Qd4 32. g3 Kf7 33. Qf3+ Ke7
34. Qa8 Qd3 35. Qb7+ Kf6 36. Qg2 Bd4 37. h3 h5 38. Nd2 Be5 39. Nf3 Bd6 40. Qb2+
Kf5 41. Qf2 Bc5 42. Qg2 h4 43. gxh4 Qd1+ 44. Ng1 gxh4 45. Qf3+ Qxf3+ 46. Nxf3
Kf4 47. Nxh4 Kg3 48. Ng2 e5 49. h4 e4 50. h5 e3 51. h6 e2 52. h7 Bd4 53. b4 Kg4
54. c5 bxc5 55. bxc5 Kf5 56. c6 Ke6 57. Nf4+ Kd6 58. Nxe2 Bh8 59. Kg2 Kxc6 60.
Kf3 Kb5 1/2-1/2

[Event "24. Copenhagen Open  (Politiken Cup)"]
[Site "Copenhagen"]
[Date "2002.07.20"]
[Round "6"]
[White "Hesselberg, Leif"]
[Black "Hau, Helge"]
[Result "1-0"]
[WhiteElo "1825"]
[BlackElo "1503"]
[PlyCount "55"]
[EventDate "2002.07.15"]
[EventType "swiss"]
[EventRounds "11"]
[EventCountry "DEN"]
[SourceDate "2004.01.01"]

1. e4 e6 2. d4 d5 3. Nc3 Bb4 4. e5 a6 5. Qg4 g6 6. Bg5 Qd7 7. h4 h5 8. Qf4 Nc6
9. Nf3 Nce7 10. Bd3 Nf5 11. g4 hxg4 12. Qxg4 Qc6 13. Kd2 Be7 14. h5 gxh5 15.
Rxh5 Rxh5 16. Qxh5 Bxg5+ 17. Nxg5 Nfh6 18. Rg1 Ke7 19. Nxf7 Qe8 20. Qg5+ Kd7
21. Nxh6 Nxh6 22. Qxh6 c5 23. Nxd5 Kc6 24. Nf6 Qd8 25. dxc5 Qa5+ 26. c3 Qxc5
27. Qe3 b5 28. Be4+ 1-0

[Event "24. Copenhagen Open  (Politiken Cup)"]
[Site "Copenhagen"]
[Date "2002.07.20"]
[Round "6"]
[White "Hovmoller, Kristian"]
[Black "Mikkelsen, Nikolaj"]
[Result "1-0"]
[WhiteElo "2248"]
[BlackElo "2120"]
[PlyCount "61"]
[EventDate "2002.07.15"]
[EventType "swiss"]
[EventRounds "11"]
[EventCountry "DEN"]
[SourceDate "2004.01.01"]

1. d4 d5 2. c4 e6 3. Nc3 c6 4. cxd5 exd5 5. Bf4 Bd6 6. Bg3 Nf6 7. Qc2 O-O 8. e3
Be6 9. Nf3 c5 10. Bxd6 Qxd6 11. Nb5 Qe7 12. Qxc5 Qxc5 13. dxc5 Nbd7 14. Nc7
Rac8 15. Nxe6 fxe6 16. b4 a5 17. a3 axb4 18. axb4 Ra8 19. Rc1 Ra4 20. Rb1 Ra2
21. Bb5 e5 22. O-O e4 23. Nd4 Ne5 24. c6 bxc6 25. Bxc6 Nxc6 26. Nxc6 Ng4 27. b5
Rc2 28. Nd4 Rcc8 29. b6 Rf7 30. Rfc1 Rb8 31. Nc6 1-0

[Event "24. Copenhagen Open  (Politiken Cup)"]
[Site "Copenhagen"]
[Date "2002.07.20"]
[Round "6"]
[White "Howe, Dennis"]
[Black "Skovgaard, Peter Nicolai"]
[Result "1/2-1/2"]
[WhiteElo "2052"]
[BlackElo "1679"]
[PlyCount "41"]
[EventDate "2002.07.15"]
[EventType "swiss"]
[EventRounds "11"]
[EventCountry "DEN"]
[SourceDate "2004.01.01"]

1. e4 c5 2. Nf3 d6 3. d4 cxd4 4. Nxd4 Nf6 5. Nc3 g6 6. Bc4 Bg7 7. Be3 O-O 8. f3
Nc6 9. Bb3 Bd7 10. Qd2 Qa5 11. O-O Rfc8 12. Rfd1 Ne5 13. Nd5 Qxd2 14. Rxd2 Nxd5
15. Bxd5 Nc4 16. Bxc4 Rxc4 17. c3 Rac8 18. Nb3 b6 19. Bd4 Bh6 20. Re2 Be6 21.
Nd2 1/2-1/2

[Event "24. Copenhagen Open  (Politiken Cup)"]
[Site "Copenhagen"]
[Date "2002.07.20"]
[Round "6"]
[White "Jenal, Juerg"]
[Black "Unmack, Christian"]
[Result "1-0"]
[WhiteElo "2194"]
[BlackElo "1993"]
[PlyCount "117"]
[EventDate "2002.07.15"]
[EventType "swiss"]
[EventRounds "11"]
[EventCountry "DEN"]
[SourceDate "2004.01.01"]

1. e4 e5 2. Nf3 Nc6 3. Bb5 Nf6 4. d3 d6 5. c3 g6 6. Nbd2 Bg7 7. O-O O-O 8. Re1
Ne7 9. d4 Nh5 10. Nf1 Bg4 11. h3 Bxf3 12. Qxf3 exd4 13. g4 dxc3 14. bxc3 Nf6
15. Bg5 Nd7 16. Ne3 c6 17. Bf1 Be5 18. Rad1 b5 19. h4 f6 20. Bh6 Rf7 21. Nc2 f5
22. exf5 Nxf5 23. gxf5 Qxh4 24. Qh3 Qxh3 25. Bxh3 gxf5 26. Nd4 Bxd4 27. Rxd4
Ne5 28. Re3 Rf6 29. Bf4 Re8 30. Kf1 Kf7 31. Bg5 Rg6 32. f4 Nc4 33. Rxe8 Kxe8
34. Rd3 h6 35. Bxf5 Rxg5 36. fxg5 hxg5 37. Kf2 Ke7 38. Rh3 a5 39. Rh6 a4 40.
Kg3 a3 41. Kg4 Ne5+ 42. Kh5 Nf7 43. Re6+ Kd7 44. Kg6 Nd8 45. Re3+ Kc7 46. Kxg5
Kb6 47. Kf6 Nb7 48. Ke7 Kc5 49. Rh3 Na5 50. Bd3 d5 51. Rh4 Kb6 52. Rh8 Kc5 53.
Ra8 Nc4 54. Bxc4 Kxc4 55. Rxa3 c5 56. Ke6 d4 57. cxd4 cxd4 58. Ke5 b4 59. Rb3
1-0